| 000 | 01218nmm a2200361 a 4500 | ||
|---|---|---|---|
| 001 | ocm0001916842 | ||
| 003 | TR-IsHL | ||
| 005 | 20201028172913.0 | ||
| 008 | 180714s2015 tu tur | ||
| 007 | cr cn | ||
| 020 | _a9786055090586 | ||
| 035 |
_a1916842 _b(N$T) |
||
| 050 | 0 | 4 |
_aLC5225.L42 _bG85 2015 |
| 090 | 0 | 4 |
_aLC5225.L42 _bG85 2015 |
| 100 | 1 | _aGülseven, Mürvet | |
| 245 | 1 | 0 |
_aYetişkin eğitimlerinde oyun : _böğrenmek hiç bu kadar eğlenceli olmamıştı _h[electronic resource] / _cMürvet Gülseven ; yayına hazırlayan Mutlu Dinçer |
| 250 | _aİkinci basım | ||
| 260 |
_aİstanbul : _bOptimist Yayım Dağıtım, _c2015 |
||
| 300 | _a299 p. | ||
| 650 | 4 | _aEğitim | |
| 650 | 4 | _aEducation | |
| 650 | 0 | _aYetişkin eğitimi | |
| 650 | 0 | _aAdult education | |
| 650 | 0 | _aYetişkin öğrenimi | |
| 650 | 0 | _aAdult learning | |
| 650 | 0 | _aEtkili öğretim | |
| 650 | 0 | _aEffective teaching | |
| 650 | 0 | _aFaaliyet programları, Eğitimde | |
| 650 | 0 | _aActivity programs in education | |
| 650 | 7 |
_aEDUCATION / Educational Psychology _2bisacsh |
|
| 700 | 1 | _aDinçer, Mutlu | |
| 856 | 4 | 0 | _uhttp://search.ebscohost.com/login.aspx?direct=true&scope=site&db=e011xww&AN=1916842 |
| 999 |
_c17432 _d17432 |
||